| 000 | 00496nam a22001817a 4500 | ||
|---|---|---|---|
| 003 | LK-CoDNM | ||
| 005 | 20251229103426.0 | ||
| 008 | 251229b |||||||| |||| 00| 0 eng d | ||
| 040 |
_aLK-CoDNM _dLK-CoDNM _eLK-CoDNM |
||
| 041 | _atam | ||
| 080 |
_aTA _b531 |
||
| 100 | _aதமிழஂசஂ சஙஂகமஂ | ||
| 245 | _aஇளஙஂகதிரஂ | ||
| 260 |
_aபேராதனை _bதமிழஂசஂ சஙஂகமஂ |
||
| 300 | _a110p,24cm | ||
| 650 | _a1982 | ||
| 942 | _cBK | ||
| 999 |
_c240501 _d240501 |
||